00738nam a2200229Ia 4500003000400000005001700004008004100021020001900062040001000081082001500091100002500106245004900131250000800180260004200188300002400230500001900254600002100273650005000294942001200344952013500356999001700491OSt20241101052712.0240925s9999 xx 000 0 und d a97893325549805 cAACR2 a005.44 TAN aTanenbaum, Andrew S. 0aDistributed Systems Principles and Paradigms a2nd aNew Delhi:bPearson Educationc,2015. a427p.bNAfOriginal aIncludes Index aComputer Science aComputer science, information & general works cBK2ddc 001040708CSaUITUbUITUd2015-12-09eParamount Book Pvt Ltdg838.80l0o005.44 TANpQ10632r2024-09-25 07:15:46w2024-09-25yBK c13131d13131